[Event "HUN-ch U20"]
[Site "Budapest"]
[Date "2023.02.23"]
[Round "5"]
[White "Kolimar, Kristof Pal"]
[Black "Palczert, Matyas"]
[Result "1/2-1/2"]
[WhiteElo "2155"]
[BlackElo "2360"]
[PlyCount "104"]
[EventDate "2023.02.20"]
[EventType "swiss"]
[EventRounds "7"]
[EventCountry "HUN"]
[SourceTitle "CBM 212 Extra"]
[Source "ChessBase"]
[SourceDate "2023.03.31"]
[SourceVersion "1"]
[SourceVersionDate "2023.03.31"]
[SourceQuality "1"]

1. Nf3 Nf6 2. c4 e6 3. g3 a6 4. b3 b5 5. Nc3 Bb4 6. Bb2 0-0 7. Bg2 Bb7 8. 0-0 d6 9. d4 Nbd7 10. Rc1 bxc4 11. bxc4 Rb8 12. a3 Ba5 13. Ba1 c5 14. Na4 cxd4 15. Bxd4 Bc6 16. c5 e5 17. Ba1 Bxa4 18. Qxa4 Nxc5 19. Rxc5 dxc5 20. Nxe5 Bd2 21. Qc2 Bh6 22. Nc6 Qb6 23. Nxb8 Rxb8 24. e3 g6 25. Be5 Rc8 26. Bh3 Rd8 27. Rb1 Qc6 28. Rc1 Bf8 29. Qc4 Qf3 30. Bg2 Qf5 31. Bxf6 Qxf6 32. Bd5 Rb8 33. Kg2 Kg7 34. Rc2 h5 35. h4 Rb1 36. Rc1 Rxc1 37. Qxc1 c4 38. Qxc4 Bxa3 39. Bxf7 Qxf7 40. Qc3+ Kh7 41. Qxa3 Qd5+ 42. Kh2 a5 43. e4 Qd4 44. Qe7+ Qg7 45. Qa3 Qa7 46. Kg1 a4 47. e5 Kg7 48. e6 Kf6 49. e7 Kf7 50. Qb2 Qd7 51. Qb4 Qd1+ 52. Kh2 Qd7 1/2-1/2

[Event "HUN-chT U18"]
[Site "Budapest"]
[Date "2022.11.03"]
[Round "6.2"]
[White "Kolimar, Kristof Pal"]
[Black "Sulyok, Eszter"]
[Result "1-0"]
[WhiteElo "2114"]
[BlackElo "2011"]
[PlyCount "63"]
[EventDate "2022.10.31"]
[EventType "team-swiss"]
[EventRounds "7"]
[EventCountry "HUN"]
[SourceTitle "CBM 211 Extra"]
[Source "ChessBase"]
[SourceDate "2023.01.31"]
[SourceVersion "1"]
[SourceVersionDate "2023.01.31"]
[SourceQuality "1"]
[WhiteTeam "Geniusz Tata"]
[BlackTeam "Biatorbagy"]
[WhiteTeamCountry "HUN"]
[BlackTeamCountry "HUN"]

1. d4 d5 2. Nf3 Nf6 3. g3 Bf5 4. c4 e6 5. Nc3 c6 6. Nh4 Bg4 7. Qb3 b6 8. Bg2 Be7 9. 0-0 0-0 10. h3 Bh5 11. cxd5 Nxd5 12. Nf3 Nd7 13. e4 Nxc3 14. bxc3 Bg6 15. Re1 Rc8 16. Bf4 c5 17. Rad1 cxd4 18. cxd4 Bf6 19. a4 Qe8 20. Kh2 h6 21. Bf1 e5 22. dxe5 Nxe5 23. Nd4 Qe7 24. Bg2 Rfd8 25. Nf5 Bxf5 26. exf5 Rxd1 27. Qxd1 Qc5 28. Qe2 Nc6 29. Rc1 Bc3 30. Bd2 Qe5 31. Qxe5 Nxe5 32. Rxc3 1-0

[Event "HUN-chT U18"]
[Site "Budapest"]
[Date "2022.11.02"]
[Round "4.2"]
[White "Bodrogi, Bendeguz"]
[Black "Kolimar, Kristof Pal"]
[Result "1/2-1/2"]
[WhiteElo "2233"]
[BlackElo "2114"]
[PlyCount "141"]
[EventDate "2022.10.31"]
[EventType "team-swiss"]
[EventRounds "7"]
[EventCountry "HUN"]
[SourceTitle "CBM 211 Extra"]
[Source "ChessBase"]
[SourceDate "2023.01.31"]
[SourceVersion "1"]
[SourceVersionDate "2023.01.31"]
[SourceQuality "1"]
[WhiteTeam "Paks ASE"]
[BlackTeam "Geniusz Tata"]
[WhiteTeamCountry "HUN"]
[BlackTeamCountry "HUN"]

1. d4 Nf6 2. Nc3 d5 3. Bf4 c5 4. e4 cxd4 5. Qxd4 Nc6 6. Bb5 Bd7 7. Bxc6 Bxc6 8. e5 Nd7 9. e6 fxe6 10. Nf3 Qb6 11. Qd2 d4 12. Qxd4 Bxf3 13. Qxb6 axb6 14. gxf3 g6 15. Nb5 Kf7 16. a3 Bg7 17. 0-0-0 Nf6 18. Rhe1 Nd5 19. Be5 Bxe5 20. Rxe5 Rac8 21. Re4 g5 22. Nd4 Nf4 23. Ne2 Nd5 24. Kb1 Rhd8 25. Rd3 Nf6 26. Red4 Rxd4 27. Rxd4 e5 28. Rd1 Rc4 29. h3 Rh4 30. Ng1 Ke6 31. Rd8 Rd4 32. Rxd4 exd4 33. Ne2 Ke5 34. Kc1 Nd5 35. Kd2 Nf4 36. Ng1 Kd5 37. Kd1 e5 38. Ke1 Ke6 39. Kd2 b5 40. b3 Kf5 41. Kd1 Kg6 42. Kd2 Kh5 43. c4 bxc4 44. bxc4 Kh4 45. a4 Ne6 46. a5 Nc5 47. Kc2 h6 48. Kb2 h5 49. Kc2 g4 50. hxg4 hxg4 51. fxg4 Kxg4 52. Kd2 Nb3+ 53. Kd3 Nxa5 54. Ne2 Kf3 55. Nxd4+ exd4 56. Kxd4 b6 57. Kc3 Nc6 58. Kb3 Ke4 59. Ka4 Na7 60. Kb4 Ke5 61. f4+ Kd6 62. f5 Kc7 63. f6 Nc6+ 64. Ka4 Nd4 65. f7 Ne6 66. Kb5 Nd4+ 67. Ka4 Ne6 68. Kb5 Kb7 69. f8Q Nxf8 70. c5 bxc5 71. Kxc5 1/2-1/2

[Event "HUN-chT U18"]
[Site "Budapest"]
[Date "2022.11.02"]
[Round "5.2"]
[White "Daroczi, Donat"]
[Black "Kolimar, Kristof Pal"]
[Result "0-1"]
[WhiteElo "2194"]
[BlackElo "2114"]
[PlyCount "100"]
[EventDate "2022.10.31"]
[EventType "team-swiss"]
[EventRounds "7"]
[EventCountry "HUN"]
[SourceTitle "CBM 211 Extra"]
[Source "ChessBase"]
[SourceDate "2023.01.31"]
[SourceVersion "1"]
[SourceVersionDate "2023.01.31"]
[SourceQuality "1"]
[WhiteTeam "Kobanya Aquarena"]
[BlackTeam "Geniusz Tata"]
[WhiteTeamCountry "HUN"]
[BlackTeamCountry "HUN"]

1. e4 c5 2. Nf3 e6 3. d4 cxd4 4. Nxd4 Qb6 5. Nb3 Qc7 6. Nc3 a6 7. g3 Nf6 8. Bg2 Nc6 9. 0-0 Be7 10. Re1 0-0 11. f4 d6 12. Qf3 Re8 13. Be3 Nd7 14. Rad1 Rb8 15. Bf2 b5 16. e5 d5 17. Ne2 a5 18. Rc1 Ba6 19. Ned4 Nxd4 20. Nxd4 Nc5 21. Qd1 b4 22. h4 a4 23. f5 Bf8 24. fxe6 fxe6 25. Re3 Ne4 26. Bxe4 dxe4 27. Rxe4 Bb7 28. Re2 Qd7 29. Kh2 Qd5 30. Qg1 Bc5 31. c4 bxc3 32. bxc3 Qc4 33. Rd2 Ba3 34. Rcd1 Red8 35. Qf1 Bd5 36. Qxc4 Bxc4 37. Nc6 Rxd2 38. Rxd2 Rb2 39. Rxb2 Bxb2 40. Bc5 Bxa2 41. Nd4 Bc4 42. Nc2 Bxc3 43. Bd6 Bb3 44. Na3 h5 45. Nb5 Bb2 46. Kg2 Kf7 47. Kf3 Kg6 48. Ke4 Bd5+ 49. Ke3 Kf5 50. Nd4+ Kg4 0-1

[Event "HUN-chT U18"]
[Site "Budapest"]
[Date "2022.11.01"]
[Round "3.2"]
[White "Kolimar, Kristof Pal"]
[Black "Bokorovics, Bertalan"]
[Result "0-1"]
[WhiteElo "2114"]
[BlackElo "2123"]
[PlyCount "112"]
[EventDate "2022.10.31"]
[EventType "team-swiss"]
[EventRounds "7"]
[EventCountry "HUN"]
[SourceTitle "CBM 211 Extra"]
[Source "ChessBase"]
[SourceDate "2023.01.31"]
[SourceVersion "1"]
[SourceVersionDate "2023.01.31"]
[SourceQuality "1"]
[WhiteTeam "Geniusz Tata"]
[BlackTeam "Budapest MTK"]
[WhiteTeamCountry "HUN"]
[BlackTeamCountry "HUN"]

1. Nf3 Nf6 2. c4 g6 3. g3 Bg7 4. Bg2 0-0 5. d4 d6 6. Nc3 Nbd7 7. 0-0 e5 8. e4 c6 9. h3 Qb6 10. Re1 exd4 11. Nxd4 Re8 12. Na4 Qc7 13. Qc2 a6 14. Bf4 c5 15. Nf3 Nh5 16. Be3 Rb8 17. Nc3 b5 18. cxb5 axb5 19. Nd5 Qa5 20. Nd2 Nb6 21. Nxb6 Qxb6 22. a4 Ba6 23. axb5 Bxb5 24. Rad1 Qa6 25. Ra1 Qc8 26. Ra5 Nf6 27. Bf4 Qe6 28. Kh2 Nd5 29. Qb3 c4 30. Qa3 Nxf4 31. gxf4 Bd4 32. Qg3 Bxb2 33. Bf1 Rec8 34. Rb1 c3 35. Rxb5 Rxb5 36. Bxb5 c2 37. Qd3 cxb1Q 38. Qxb1 Bc1 39. Qd3 Bxd2 40. Qxd2 Qxe4 41. Qxd6 Rc1 42. Qb8+ Kg7 43. Qe5+ Qxe5 44. fxe5 Rc5 45. Be2 Rxe5 46. Bf3 Rc5 47. Kg3 Kf6 48. h4 h5 49. Bg2 Rc4 50. f3 Ke5 51. Bf1 Rb4 52. Bh3 f6 53. Bd7 g5 54. hxg5 fxg5 55. Be8 h4+ 56. Kh3 Kf4 0-1

[Event "Wch U14"]
[Site "Mamaia"]
[Date "2022.09.14"]
[Round "9"]
[White "Kolimar, Kristof Pal"]
[Black "Poupalos, Nikolaos"]
[Result "0-1"]
[WhiteElo "2195"]
[BlackElo "2004"]
[PlyCount "54"]
[EventDate "2022.09.06"]
[EventType "swiss"]
[EventRounds "11"]
[EventCountry "ROU"]
[SourceTitle "CBM 210 Extra"]
[Source "ChessBase"]
[SourceDate "2022.11.30"]
[SourceVersion "1"]
[SourceVersionDate "2022.11.30"]
[SourceQuality "1"]

1. Nf3 d5 2. c4 d4 3. b4 g5 4. Qb3 Bg7 5. Nxg5 e5 6. Qg3 Ne7 7. h4 0-0 8. e4 dxe3 9. fxe3 h6 10. Nh3 Nbc6 11. a3 f5 12. c5 Be6 13. Bb2 f4 14. Nxf4 Rxf4 15. exf4 Nd4 16. Bxd4 Qxd4 17. Nc3 Rd8 18. Qf2 Qd7 19. Rh3 Bxh3 20. gxh3 exf4 21. Rc1 Nf5 22. Bc4+ Kh8 23. Ne4 Ng3 24. Nxg3 fxg3 25. Qg2 Qe7+ 26. Be2 Bd4 27. Qxg3 Rg8 0-1

[Event "Wch U14"]
[Site "Mamaia"]
[Date "2022.09.13"]
[Round "8"]
[White "Kolimar, Kristof Pal"]
[Black "Arsenie, Cristian Marc"]
[Result "1-0"]
[WhiteElo "2195"]
[BlackElo "1998"]
[PlyCount "53"]
[EventDate "2022.09.06"]
[EventType "swiss"]
[EventRounds "11"]
[EventCountry "ROU"]
[SourceTitle "CBM 210 Extra"]
[Source "ChessBase"]
[SourceDate "2022.11.30"]
[SourceVersion "1"]
[SourceVersionDate "2022.11.30"]
[SourceQuality "1"]

1. Nf3 d5 2. c4 d4 3. b4 f6 4. e3 e5 5. c5 a5 6. Qa4+ Bd7 7. b5 Bxc5 8. Bc4 Ne7 9. exd4 exd4 10. Ba3 Na6 11. 0-0 Nb4 12. Re1 c6 13. Nc3 Qb6 14. bxc6 Bxc6 15. Nb5 0-0-0 16. Bxb4 axb4 17. a3 Bxb5 18. Bxb5 b3 19. Rab1 Nd5 20. Rxb3 Qa7 21. Qc4 Nc7 22. Rc1 b6 23. Ne1 d3 24. Qg4+ Kb7 25. Rxc5 bxc5 26. Bd7+ Nb5 27. Qe4+ 1-0

[Event "Wch U14"]
[Site "Mamaia"]
[Date "2022.09.11"]
[Round "6"]
[White "Kolimar, Kristof Pal"]
[Black "Magold, Filip"]
[Result "1/2-1/2"]
[WhiteElo "2195"]
[BlackElo "2267"]
[PlyCount "77"]
[EventDate "2022.09.06"]
[EventType "swiss"]
[EventRounds "11"]
[EventCountry "ROU"]
[SourceTitle "CBM 210 Extra"]
[Source "ChessBase"]
[SourceDate "2022.11.30"]
[SourceVersion "1"]
[SourceVersionDate "2022.11.30"]
[SourceQuality "1"]

1. Nf3 d5 2. d4 Nf6 3. g3 Bg4 4. Ne5 Bf5 5. c4 c6 6. cxd5 cxd5 7. Nc3 Nc6 8. f3 e6 9. g4 Bg6 10. h4 Nxe5 11. dxe5 d4 12. exf6 dxc3 13. Qxd8+ Rxd8 14. bxc3 Bc2 15. Bg5 h6 16. e4 Ba4 17. Be3 gxf6 18. Bxa7 Bd6 19. Bd3 0-0 20. Ke2 Rd7 21. Be3 Rfd8 22. Rab1 Be5 23. Bb5 Bxb5+ 24. Rxb5 Bxc3 25. Rb3 Bd2 26. Rd1 Bxe3 27. Rxd7 Rxd7 28. Kxe3 e5 29. Rd3 Rc7 30. Kd2 Rc4 31. Rb3 h5 32. gxh5 f5 33. Ke3 fxe4 34. fxe4 Ra4 35. Rxb7 Rxa2 36. Kf3 Ra4 37. Re7 f5 38. exf5 Rf4+ 39. Kg3 1/2-1/2

[Event "Wch U14"]
[Site "Mamaia"]
[Date "2022.09.08"]
[Round "3"]
[White "Shahar, Uzair"]
[Black "Kolimar, Kristof Pal"]
[Result "0-1"]
[WhiteElo "1729"]
[BlackElo "2195"]
[PlyCount "74"]
[EventDate "2022.09.06"]
[EventType "swiss"]
[EventRounds "11"]
[EventCountry "ROU"]
[SourceTitle "CBM 210 Extra"]
[Source "ChessBase"]
[SourceDate "2022.11.30"]
[SourceVersion "1"]
[SourceVersionDate "2022.11.30"]
[SourceQuality "1"]

1. e4 c5 2. Nc3 e6 3. g3 d5 4. exd5 exd5 5. Bg2 Nf6 6. d3 d4 7. Ne4 Nxe4 8. Bxe4 Nd7 9. Ne2 Nf6 10. Bg2 Bd6 11. 0-0 0-0 12. h3 h6 13. Nf4 Qc7 14. Re1 Bd7 15. Nh5 Nxh5 16. Qxh5 Rfe8 17. Bxh6 gxh6 18. Bd5 Be6 19. Bxe6 fxe6 20. Re4 Bf8 21. Rg4+ Bg7 22. Qxh6 Qf7 23. Re1 e5 24. Ree4 Kf8 25. Qd2 Re6 26. Qe2 Ke7 27. f4 Kd7 28. fxe5 Bh6 29. Qg2 Kc7 30. c3 Rf8 31. Re2 Be3+ 32. Kh2 Rxe5 33. Re4 Rf5 34. cxd4 cxd4 35. h4 Rf3 36. g4 Qf6 37. Rc2+ Kb8 0-1

[Event "HUN-ch Rapid"]
[Site "Ajka"]
[Date "2022.07.17"]
[Round "12"]
[White "Bodi, Tibor"]
[Black "Kolimar, Kristof Pal"]
[Result "1-0"]
[WhiteElo "2301"]
[BlackElo "2160"]
[PlyCount "69"]
[EventDate "2022.07.15"]
[EventType "swiss (rapid)"]
[EventRounds "13"]
[EventCountry "HUN"]
[SourceTitle "CBM 209 Extra"]
[Source "ChessBase"]
[SourceDate "2022.09.30"]
[SourceVersion "1"]
[SourceVersionDate "2022.09.30"]
[SourceQuality "1"]

1. Nc3 d5 2. e4 d4 3. Nce2 e5 4. Ng3 Be6 5. Nf3 Bd6 6. Bb5+ c6 7. Ba4 Nd7 8. Bb3 Bxb3 9. axb3 g6 10. d3 f6 11. 0-0 h5 12. Nh4 Ne7 13. Bd2 Kf7 14. c3 c5 15. b4 b6 16. Qb3+ Kg7 17. bxc5 Bxc5 18. Kh1 a5 19. f4 Rc8 20. fxe5 Nxe5 21. Nf3 N7c6 22. Ne2 dxc3 23. Bxc3 Qxd3 24. Nxe5 Nxe5 25. Rxf6 Rhe8 26. Rxg6+ Kh7 27. Nf4 Qe3 28. Qd1 Ng4 29. Rxg4 hxg4 30. Qd7+ Re7 31. Qf5+ Kg8 32. Qxc8+ Kf7 33. Qxg4 Qxe4 34. Qh5+ Kg8 35. Nd5 1-0